[Event "Florianopolis op 11th"]
[Site "Florianopolis"]
[Date "2025.01.26"]
[Round "10"]
[White "Eichtadt, Vinicius Miguel"]
[Black "Nunes, Nicole"]
[Result "0-1"]
[WhiteElo "1800"]
[BlackElo "1507"]
[PlyCount "24"]
[EventDate "2025.01.18"]
[EventType "swiss"]
[EventRounds "10"]
[EventCountry "BRA"]
[SourceTitle "CB05_2025"]
[SourceDate "2025.01.29"]
[SourceVersion "1"]
[SourceVersionDate "2025.01.29"]
[SourceQuality "1"]

1. d4 d5 2. Bf4 Nf6 3. e3 c5 4. Nf3 Nc6 5. c3 Qb6 6. b3 Ne4 7. Bd3 Bf5 8. 0-0 e6 9. Qc2 Be7 10. Na3 a6 11. c4 cxd4 12. exd4 Bxa3 0-1

[Event "Florianopolis op 11th"]
[Site "Florianopolis"]
[Date "2025.01.25"]
[Round "9"]
[White "Vaz, Vania Dora Madona"]
[Black "Eichtadt, Vinicius Miguel"]
[Result "0-1"]
[WhiteElo "1481"]
[BlackElo "1800"]
[PlyCount "74"]
[EventDate "2025.01.18"]
[EventType "swiss"]
[EventRounds "10"]
[EventCountry "BRA"]
[SourceTitle "CB05_2025"]
[SourceDate "2025.01.29"]
[SourceVersion "1"]
[SourceVersionDate "2025.01.29"]
[SourceQuality "1"]

1. e4 c5 2. d3 e5 3. g3 Nf6 4. Nd2 b6 5. Bg2 Bb7 6. Ngf3 Nc6 7. 0-0 Be7 8. Re1 0-0 9. Nf1 Qc7 10. c3 Qd6 11. Qe2 Ba6 12. Rd1 Rac8 13. h3 c4 14. d4 exd4 15. Nxd4 Qe5 16. Bf4 Nxd4 17. Rxd4 Qa5 18. Ne3 Bc5 19. Nxc4 Bxd4 20. Nxa5 Bxe2 21. cxd4 bxa5 22. e5 Nh5 23. Be3 g6 24. d5 Rc2 25. b3 Re8 26. Bd4 Rd2 27. Bxa7 Rxe5 28. d6 Rd1+ 29. Rxd1 Bxd1 30. Bb6 Re2 31. Bf3 Re1+ 32. Kg2 Bxf3+ 33. Kxf3 Rd1 34. Bc7 Ng7 35. Bxa5 Rxd6 36. Bb4 Ra6 37. a4 Rb6 0-1

[Event "Florianopolis op 11th"]
[Site "Florianopolis"]
[Date "2025.01.22"]
[Round "6"]
[White "Eichtadt, Vinicius Miguel"]
[Black "Torales Quinonez, Juan Bautista"]
[Result "1-0"]
[WhiteElo "1800"]
[BlackElo "1577"]
[PlyCount "55"]
[EventDate "2025.01.18"]
[EventType "swiss"]
[EventRounds "10"]
[EventCountry "BRA"]
[SourceTitle "CB05_2025"]
[SourceDate "2025.01.29"]
[SourceVersion "1"]
[SourceVersionDate "2025.01.29"]
[SourceQuality "1"]

1. d4 d5 2. Bf4 Nf6 3. e3 e6 4. Nf3 Bd6 5. Bxd6 Qxd6 6. Be2 Nc6 7. 0-0 0-0 8. Nc3 e5 9. Nb5 Qe7 10. dxe5 Nxe5 11. Qd4 c5 12. Qxe5 Qxe5 13. Nxe5 a6 14. Nc7 Ra7 15. Rad1 Rd8 16. c4 d4 17. exd4 b6 18. dxc5 Rxd1 19. Rxd1 h6 20. cxb6 Rb7 21. Rd8+ Kh7 22. Rxc8 Rxb6 23. g3 Rxb2 24. Bd3+ g6 25. Nxf7 Kg7 26. Ne5 Rxa2 27. Ne6+ Kh7 28. Bxg6# 1-0